| 000 | 00965nam0a22002411 4500 | ||
|---|---|---|---|
| 001 | v19\rc\1604648 | ||
| 005 | 20260406155753.0 | ||
| 035 | _a(NLR Aleph) 004726374 | ||
| 090 |
_a4403077 _c4403077 |
||
| 100 | _a20061002d1896 |||y0rusy50 ca | ||
| 101 | 0 | _arus | |
| 102 | _aRU | ||
| 105 | _ay b ||||| | ||
| 200 | 1 | _aКаталог изображений святых живописных на кипарисных досках хромолитографических икон издания Русского Свято-Ильинского скита на св. Афонской горе | |
| 210 |
_aОдесса _d1896 |
||
| 215 | _a18 с. | ||
| 710 | 0 | 2 |
_aРусский Ильинский общежительный скит на святой горе Афонской _3RU\NLR\AUTH\889931123 _9357707 |
| 801 | 0 |
_aRU _bNLR _gpsbo |
|
| 801 | 0 |
_aRU _bRuMoRGB _2psbo |
|
| 801 | 1 |
_aRU _bProSoft-M _2rusmarc |
|
| 852 |
_aNLR _j18.276.7.28(2) |
||
| 942 | _cBOOK | ||
| 980 | _aNB | ||